| 000 | 00795nam a2200193 a 4500 | ||
|---|---|---|---|
| 003 | 0 | ||
| 005 | 20250421113421.0 | ||
| 008 | 060801s19uu xx 00 eng d | ||
| 050 |
_aPHS HQ 759.48 _b.L33 2006 |
||
| 100 | _aLacuna, Celine Patricia L. | ||
| 245 |
_aA Comparative study on the effects of having non-working and working mothers on the academic achievement of students / _cCeline Patricia L. Lacuna. |
||
| 260 |
_aLas PiƱas City, Philippines : _bSouthville International School and Colleges, _c2006. |
||
| 300 |
_a36 pages : _billustrations ; _c28 cm. |
||
| 504 | _aIncludes bibliographical references. | ||
| 650 |
_aWorking mothers _xEffect on children. |
||
| 650 |
_aStay-at-home mothers _xEffect on children. |
||
| 650 |
_aAcademic achievement _xSocial aspects. |
||
| 942 |
_2lcc _cPASS |
||
| 999 |
_c97634 _d97634 |
||